Thermal degradation of fire-retardant-treated plywood : development and evaluation of a test protocol /

Bibliographic Details
Corporate Author: Forest Products Laboratory (U.S.)
Other Authors: Winandy, Jerrold E.
Format: Government Document Book
Language:English
Published: Madison, WI : U.S Dept. of Agriculture, Forest Service, Forest Products Laboratory, [1991]
Series:Research paper FPL ; 501.
Subjects:

MARC

Tag First Indicator Second Indicator Subfields
LEADER 00000cam a2200000 a 4500
001 in00001023821
005 20150928093637.0
008 910809s1991 wiua b f00000 eng d
010 |a (DG91083512  
035 |a (OCoLC)24207205 
035 |9 AFF4747AM 
040 |a GPO  |c GPO  |d DLC  |d UtOrBLW 
043 |a n-us--- 
074 |a 83-B 
086 0 |a A 13.78:FPL-RP-501 
245 0 0 |a Thermal degradation of fire-retardant-treated plywood :  |b development and evaluation of a test protocol /  |c Jerrold E. Winandy [and others]. 
264 1 |a Madison, WI :  |b U.S Dept. of Agriculture, Forest Service, Forest Products Laboratory,  |c [1991] 
300 |a 21 pages :  |b illustrations ;  |c 28 cm. 
336 |a text  |b txt  |2 rdacontent 
337 |a unmediated  |b n  |2 rdamedia 
338 |a volume  |b nc  |2 rdacarrier 
490 1 |a Research paper ;  |v FPL-RP-501 
500 |a Shipping list number: 91-507-P. 
500 |a "June 1991"--Title page verso. 
504 |a Includes bibliographical references (page 11). 
650 0 |a Plywood  |x Biodegration. 
650 0 |a Fireproofing agents  |z United States. 
650 0 |a Wood products  |x Specifications  |z United States. 
700 1 |a Winandy, Jerrold E. 
710 2 |a Forest Products Laboratory (U.S.) 
740 0 |a Thermal degradation of fire retardant treated plywood. 
830 0 |a Research paper FPL ;  |v 501. 
999 |a MARS 
999 f f |s 2199d468-0086-3686-a890-6d9cdfddc752  |i 66b7c4da-8897-3b80-811d-28ddc637e4bd  |t 0 
952 f f |p normal  |a Texas A&M University  |b College Station  |c Sterling C. Evans Library  |d Evans: US Documents (Annex 5th floor)  |t 0  |e A 13.78:FPL-RP-501  |h Superintendent of Documents classification  |i unmediated -- volume  |m A14815187440 
998 f f |a A 13.78:FPL-RP-501  |t 0  |l Evans: US Documents (Annex 5th floor)